| 000 | 00499nam a2200205Ia 4500 | ||
|---|---|---|---|
| 003 | OSt | ||
| 005 | 20260619092328.0 | ||
| 008 | 210423s2006 xx 000 0 und d | ||
| 040 | _cAL | ||
| 041 | _aeng | ||
| 082 |
_a910.3 _223 _bVASK |
||
| 100 |
_aVASAN Publications _9115304 |
||
| 245 | _aKarnataka road guide | ||
| 260 |
_aBangalore _bVasan Publication _c2006 |
||
| 300 |
_a47 _bPB |
||
| 365 | _cINR | ||
| 650 |
_aGeography _9115305 |
||
| 906 | _aguide ; Karnataka ; road | ||
| 942 |
_2ddc _cBK |
||
| 999 |
_c175302 _d175302 |
||